45ο Φεστιβάλ Κινηματογράφου Θεσσαλονίκης, 19-28 Νοεμβρίου 2004 = 45th Thessaloniki International Film Festival, November 19-28, 2004
Αποθηκεύτηκε σε:
| Συγγραφή απο Οργανισμό/Αρχή: | |
|---|---|
| Άλλοι συγγραφείς: | , |
| Μορφή: | Πρακτικό Συνεδρίου Βιβλίο |
| Γλώσσα: | Greek English |
| Δημοσίευση: |
Θεσσαλονίκη :
Φεστιβάλ Κινηματογράφου Θεσσαλονίκης,
2004.
|
| Θέματα: | |
| Ετικέτες: |
Προσθήκη ετικέτας
Δεν υπάρχουν, Καταχωρήστε ετικέτα πρώτοι!
|
MARC
| LEADER | 00000nam a2200000 a 4500 | ||
|---|---|---|---|
| 001 | 1/127065 | ||
| 008 | 230719s2004####gr | ||| |||| ||gre|| | ||
| 040 | |a GR-MyUa |b gre |c GR-MyUa |e AACR2 | ||
| 041 | 0 | |a gre |a eng | |
| 082 | 7 | |a 791.43074 |2 (23) | |
| 111 | 2 | |a Φεστιβάλ Κινηματογράφου Θεσσαλονίκης |n (45ο : |d 2004 : |c Θεσαλλονίκη) | |
| 245 | 1 | 0 | |a 45ο Φεστιβάλ Κινηματογράφου Θεσσαλονίκης, 19-28 Νοεμβρίου 2004 = |b 45th Thessaloniki International Film Festival, November 19-28, 2004 / |c σύνταξη καταλόγου, συντονισμός ύλης, μεταφράσεις: Μ. Kιτροέφ ; επιμέλεια κειμένων Αχιλλέας Κυριακίδης. |
| 246 | 1 | |i Παράλληλος τίτλος: |a 45th Thessaloniki International Film Festival, November 19-28, 2004 | |
| 260 | |a Θεσσαλονίκη : |b Φεστιβάλ Κινηματογράφου Θεσσαλονίκης, |c 2004. | ||
| 300 | |a 239 σ. : |b εικ. ; |c 23 εκ. | ||
| 500 | |a Άνω του τίτλου: Υπουργείο Πολιτισμού. | ||
| 500 | |a Περιλαμβάνει ευρετήρια. | ||
| 650 | 0 | |a Film festivals |z Greece |z Thessalonike. | |
| 700 | 1 | |a Κιτροέφ, Μαίρη. | |
| 700 | 1 | |a Κυριακίδης, Αχιλλέας, |d 1946- |e edt | |
| 852 | |a INST |b SYROS |e 20230719 |h 791.43074 ΦΕΣ |p 005500016085 |q 005500016085 |t BK |y 0 | ||
| 970 | |a Κοντού |b Παρασκευή |z 19/07/2023 | ||